The games of votes : (Record no. 168450)

MARC details
000 -LEADER
fixed length control field 00695nam a22001937a 4500
005 - DATE AND TIME OF LATEST TRANSACTION
control field 20191009161327.0
010 ## - LCCN (DPL NO)
LC control number ENG-126626
020 ## - INTERNATIONAL STANDARD BOOK NUMBER
International Standard Book Number 9789353286927
Terms of availability 450.00
035 ## - SYSTEM CONTROL NUMBER
System control number EN-110158
037 ## - SOURCE OF ACQUISITION
Source of stock number/acquisition DBAD/PUB
082 ## - DEWEY DECIMAL CLASSIFICATION NUMBER
Classification number 321.8
100 ## - MAIN ENTRY--PERSONAL NAME
Personal name Khan, Farhat Basir
245 ## - TITLE STATEMENT
Title The games of votes :
Statement of responsibility, etc by Ratna and Suhasini Vira
Remainder of title visual media politics and elections in the digital era /
260 ## - PUBLICATION, DISTRIBUTION, ETC. (IMPRINT)
Place of publication, distribution, etc New Delhi
Name of publisher, distributor, etc SAGE Publications
Date of publication, distribution, etc 2019
270 ## - ADDRESS
Address B1/1-1, Mohan Cooperative Industrial Area
City Mathura Road, Post Bag 7
Postal code 110044
Electronic mail address marketing@sagepub.in
300 ## - PHYSICAL DESCRIPTION
Extent xvii,232p.
Dimensions 22cm(pbk)
500 ## - GENERAL NOTE
General note Includes bibliographical references
942 ## - ADDED ENTRY ELEMENTS (KOHA)
Source of classification or shelving scheme Dewey Decimal Classification
Item type English Books
Classification part 321.8
Call number suffix KHA
Holdings
Withdrawn status Lost status Not for loan Collection code Home library Current library Date acquired Source of acquisition Cost, normal purchase price Full call number Barcode Copy number Cost, replacement price Koha item type
      Non-fiction Central Library Central Library 09/10/2019 DBAD/PUB 595.00 321.8 KHA EN-110158 1 595.00 English Books

© Delhi Public Library
Hit Counter
free hit counter